000 00913nam a22002777a 4500
003 URS
005 20251008105014.0
008 250820b |||||||| |||| 00| 0 eng d
020 _a978-1-975220-41-9
040 _erda
_cURS
_bEnglish
050 _aRG951
_b.R491 2025
100 _aRicci, Susan Scott,
_eauthor.
245 _aMaternity and pediatric nursing /
_cSusan Scott Ricci, Terri Kyle and Susan Carman.
250 _a7th ed.
264 _aPhiladelphia :
_bWolters Kluwer,
_c©2025.
300 _axxii, 1001 pages :
_bcolor illustrations ;
_c28 cm.
336 _atext
_btxt
_2rdacontent
337 _aunmediated
_bn
_2rdamedia
338 _avolume
_bnc
_2rdacarrier
504 _aIncludes bibliographical references and index.
650 _aMaternity nursing.
650 _aPediatric nursing.
700 _aKyle, Terri,
_eauthor.
_96386
700 _aCarman, Susan,
_eauthor.
_96387
942 _2lcc
_cR
999 _c84485
_d84483